[Event "FIDE WCCC U12 2018"]
[Site "Santiago de Compostela"]
[Date "2018.11.09"]
[Round "5"]
[White "Klimkowski, Jan"]
[Black "Hommer, Jeremy"]
[Result "1/2-1/2"]
[WhiteElo "1810"]
[BlackElo "1987"]
[Annotator "NA RC"]
[PlyCount "106"]
[EventDate "2018.11.04"]
[EventType "swiss"]
[EventCountry "ESP"]
[SourceTitle "playchess.com"]
[Source "ChessBase"]
[SourceQuality "1"]
[TimeControl "40/5400+30:1800+30"]

{[%evp 13,105,9,15,22,10,23,0,7,13,-18,-31,-25,16,-15,-7,-8,-10,-60,-50,-75,-70,-87,-70,-94,-84,-87,-89,-106,32767,-105,32767,32767,32767,-84,32767,-40,32767,32767,-23,-12,0,0,32767,32767,0,0,0,32767,32767,0,32767,32767,-50,-53,-59,-56,32767,32767,-64,-71,32767,-77,-62,32767,32767,32767,-89,32767,32767,32767,-102,-105,-113,-85,-90,-82,-41,-43,-35,-52,-46,-27,-8,32767,-43,32767,32767,-48,-39,-33,-26,-43,32767,-36]} 1. e4 {[%emt 0:00:00]} c6 {[%emt 0:00:00]} 2. d4 {[%emt 0:00:00]} d5 {[%emt 0:00:00]} 3. exd5 {[%emt 0:00:00]} cxd5 {[%emt 0:00:00]} 4. c4 {[%emt 0:00:00]} Nf6 {[%emt 0:00:12]} 5. Nc3 {[%emt 0:00:06]} Nc6 {[%emt 0:00:13]} 6. Bg5 {[%emt 0:05:46]} e6 {[%emt 0:11:40]} 7. c5 {[%emt 0:01:40]} Be7 {[%emt 0:00:26]} 8. Nf3 {[%emt 0:01:31]} O-O {[%emt 0:01:04]} 9. Bb5 {[%emt 0:01:37]} Ne4 {[%emt 0:01:25]} 10. Bxe7 {[%emt 0:01:32]} Nxe7 {[%emt 0:00:09]} 11. O-O {[%emt 0:01:21] B14: Caro-Kann: Panov-Botvinnik Attack with 5...e6 and 5...g6} (11. Rc1 b6 12. c6 Qd6 13. O-O a6 14. Bd3 Nxc6 15. Nxe4 dxe4 16. Bxe4 Bb7 17. d5 exd5 18. Qxd5 Rad8 19. Rxc6 Qxd5 20. Bxd5 {½-½ (33) Naiditsch,A (2712)-Rodshtein,M (2645) Porto Carras 2011}) 11... Nxc3 {[%emt 0:02:06]} 12. bxc3 {[%emt 0:00:06] LiveBook: 6 Games} Qa5 {[%emt 0:02:32]} 13. Qa4 {[%emt 0:06:10]} Qxa4 {[%emt 0:08:44]} 14. Bxa4 {[%emt 0:00:05]} b6 $146 {[%emt 0:00:55]} ({Predecessor:} 14... f6 15. Rfe1 Rd8 16. Rab1 Kf7 17. Rb2 a5 18. Rb6 Ra7 {1-0 (40) Gratze,M (2006)-Horyna,J (1875) Teplice 2013}) 15. cxb6 {[%emt 0:04:40]} axb6 {[%emt 0:00:10]} 16. Bb5 {[%emt 0:03:40]} Ba6 {[%emt 0:02:36]} 17. Rfb1 {[%emt 0:05:37]} Rfc8 {[%emt 0:05:12]} 18. Bxa6 {[%emt 0:03:40]} Rxa6 {[%emt 0:00:34]} 19. Rb3 {[%emt 0:00:12]} Rca8 {[%emt 0:06:49]} 20. g3 {[%emt 0:05:35]} f6 {[%emt 0:05:17]} 21. a4 {[%emt 0:04:55]} Kf7 {[%emt 0:00:50]} 22. Nd2 {[%emt 0:03:30]} Rxa4 {[%emt 0:09:29]} 23. Rxa4 {[%emt 0:00:13]} Rxa4 {[%emt 0:00:02]} 24. Rxb6 {[%emt 0:00:44]} Ra1+ {[%emt 0:00:52]} 25. Rb1 {[%emt 0:03:25]} Rxb1+ {[%emt 0:06:39]} 26. Nxb1 {[%emt 0:00:06]} e5 {[%emt 0:00:08]} 27. Nd2 {[%emt 0:01:58]} Ke6 {[%emt 0:04:37]} 28. f3 {[%emt 0:03:18]} Nf5 {[%emt 0:03:56]} 29. Kf2 {[%emt 0:03:15]} Nd6 {[%emt 0:09:05]} 30. Ke3 {[%emt 0:01:55]} g5 {[%emt 0:01:10]} 31. g4 {[%emt 0:04:01]} f5 {[%emt 0:09:28]} 32. Nb3 {[%emt 0:14:04]} f4+ {[%emt 0:01:01]} 33. Ke2 {[%emt 0:01:03]} e4 $1 {[%emt 0:00:41]} 34. Nc5+ {[%emt 0:00:47]} Ke7 {[%emt 0:00:08]} 35. Kf2 {[%emt 0:01:28]} e3+ {[%emt 0:02:11]} 36. Ke2 {[%emt 0:00:05]} Nb5 {[%emt 0:03:07]} 37. Kd3 {[%emt 0:01:30]} Nc7 {[%emt 0:01:58]} 38. c4 {[%emt 0:03:27]} dxc4+ {[%emt 0:00:07]} 39. Kxc4 {[%emt 0:00:00]} Ne6 {[%emt 0:00:00]} 40. Nd3 {[%emt 0:00:00]} Kd6 {[%emt 0:00:00]} 41. Nb4 {[%emt 0:06:24]} Nc7 {[%emt 0:04:12]} 42. Nd3 {[%emt 0:05:12]} Nd5 {[%emt 0:05:23]} 43. Ne1 {[%emt 0:01:32]} Nb6+ {[%emt 0:02:55]} 44. Kd3 {[%emt 0:00:11]} Ke6 {[%emt 0:03:03]} 45. h4 {[%emt 0:05:28]} h6 {[%emt 0:03:28]} 46. hxg5 {[%emt 0:00:26]} hxg5 {[%emt 0:00:02]} 47. Nc2 {[%emt 0:01:54]} Na4 {[%emt 0:02:34]} 48. Ke4 {[%emt 0:03:14]} Nc3+ {[%emt 0:01:15]} 49. Kd3 {[%emt 0:00:07]} Nd1 {[%emt 0:01:08]} 50. Ke2 {[%emt 0:00:45]} Nf2 {[%emt 0:00:59]} 51. Nb4 {[%emt 0:01:48]} Kd6 {[%emt 0:00:47]} 52. Ke1 {[%emt 0:00:25]} Nh3 {[%emt 0:01:49]} 53. Kf1 $15 {[%emt 0:00:10]} Nf2 1/2-1/2

[Event "FIDE WCCC U12 2018"]
[Site "Santiago de Compostela"]
[Date "2018.11.09"]
[Round "5"]
[White "Del Prado Rodriguez, Xulio"]
[Black "Anghel, Iulian-Mihai"]
[Result "1/2-1/2"]
[WhiteElo "1734"]
[BlackElo "1981"]
[Annotator "NA RC"]
[PlyCount "86"]
[EventDate "2018.11.04"]
[EventType "swiss"]
[EventCountry "ESP"]
[SourceTitle "playchess.com"]
[Source "ChessBase"]
[SourceQuality "1"]
[TimeControl "40/5400+30:1800+30"]

{[%evp 10,86,16,13,24,27,27,20,39,14,17,19,22,32767,37,3,2,32767,0,32767,32767,32767,32767,1,2,22,22,32767,8,0,8,0,32767,0,32767,32767,32767,12,32767,6,32767,10,8,4,41,1,32767,32767,32767,32767,7,32767,0,8,0,32767,18,32767,0,0,32767,32767,0,32767,0,0,0,0,0,0,0,0,0,0,0,0,0,0,0]} 1. Nf3 {[%emt 0:00:00]} Nf6 {[%emt 0:00:40]} 2. c4 {[%emt 0:00:53]} e6 {[%emt 0:00:50]} 3. g3 {[%emt 0:02:08]} d5 {[%emt 0:03:51]} 4. d4 {[%emt 0:00:28]} Bb4+ {[%emt 0:07:34]} 5. Bd2 {[%emt 0:01:38]} Bxd2+ {[%emt 0:00:55]} 6. Nbxd2 {[%emt 0:03:56]} O-O {[%emt 0:00:53]} 7. Bg2 {[%emt 0:00:30]} b6 {[%emt 0:04:29]} 8. O-O {[%emt 0:07:36] E11: Damenindisch (Bogoljubow-Variante)} Bb7 {[%emt 0:00:40] LiveBook: 17 Games} 9. Qc2 {[%emt 0:01:10]} (9. cxd5 Bxd5 10. Re1 Nbd7 11. e4 Bb7 12. e5 Nd5 13. Ne4 h6 14. Rc1 Qe7 15. a3 a5 {½-½ (41) Nakamura,H (2778)-Giri,A (2696) Biel 2012}) 9... Na6 {[%emt 0:04:51]} 10. Rfd1 $146 {[%emt 0:08:10]} ({Vorgänger:} 10. Ne5 Nd7 11. Ndf3 Nxe5 12. Nxe5 f6 13. Nd3 c6 14. b4 Nc7 15. c5 Nb5 16. Qb2 {0-1 (78) Hesse,H (2184)-Reindl,A (2013) Willingen 2017}) 10... Rc8 {[%emt 0:03:35]} 11. Rac1 {[%emt 0:03:45]} Qe7 {[%emt 0:08:10]} 12. Qb1 {[%emt 0:04:55]} Rfd8 {[%emt 0:02:13]} 13. e3 {[%emt 0:11:31]} c5 {[%emt 0:02:19]} 14. cxd5 {[%emt 0:05:33]} Nxd5 {[%emt 0:10:35]} 15. Ne4 {[%emt 0:03:34]} h6 {[%emt 0:11:38]} 16. dxc5 {[%emt 0:03:15]} Nxc5 {[%emt 0:03:11]} 17. Nxc5 {[%emt 0:00:23]} bxc5 {[%emt 0:00:19]} 18. Nd2 {[%emt 0:08:23]} Nb4 {[%emt 0:05:13]} 19. Nc4 {[%emt 0:01:46]} Bxg2 {[%emt 0:00:41]} 20. Kxg2 {[%emt 0:00:09]} Qb7+ {[%emt 0:00:37]} 21. Kg1 {[%emt 0:01:40]} Qa6 {[%emt 0:11:10]} 22. Rxd8+ {[%emt 0:05:29]} Rxd8 {[%emt 0:00:05]} 23. a3 {[%emt 0:00:07]} Nd5 {[%emt 0:03:10]} 24. Qc2 {[%emt 0:01:34]} Nb6 {[%emt 0:01:28]} 25. h3 {[%emt 0:06:57]} Qb7 {[%emt 0:05:02]} 26. b3 {[%emt 0:10:52]} Rd5 {[%emt 0:03:24]} 27. h4 {[%emt 0:02:48]} Qc8 {[%emt 0:02:27]} 28. Qe2 {[%emt 0:01:09]} Qd8 {[%emt 0:00:27]} 29. Qf3 {[%emt 0:00:55]} Rf5 {[%emt 0:00:45]} 30. Qe4 {[%emt 0:00:16]} Nxc4 {[%emt 0:00:35]} 31. Qxc4 {[%emt 0:00:23]} Qd2 {[%emt 0:00:28]} 32. Rf1 {[%emt 0:00:48]} Rd5 {[%emt 0:00:47]} 33. Qb5 {[%emt 0:01:05]} g6 {[%emt 0:00:51]} 34. Qb8+ {[%emt 0:00:10]} Kg7 {[%emt 0:00:05]} 35. Qxa7 {[%emt 0:00:09]} Qb2 {[%emt 0:00:47]} 36. Qa4 {[%emt 0:00:23]} Rd3 {[%emt 0:00:21]} 37. Qb5 {[%emt 0:00:59]} Rxb3 {[%emt 0:00:38]} 38. Qxc5 {[%emt 0:00:07]} Rxa3 {[%emt 0:00:20]} 39. Qc6 {[%emt 0:00:42]} Ra1 {[%emt 0:01:30]} 40. Rxa1 {[%emt 0:00:00]} Qxa1+ {[%emt 0:00:00]} 41. Kg2 {[%emt 0:00:23]} Qf6 {[%emt 0:00:22]} 42. Qe4 {[%emt 0:03:49]} h5 {[%emt 0:00:17]} 43. Qc6 {[%emt 0:03:34]} Qe5 $11 {[%emt 0:00:21]} 1/2-1/2

[Event "FIDE WCCC U12 2018"]
[Site "Santiago de Compostela"]
[Date "2018.11.10"]
[Round "6"]
[White "Yoo, Christopher Woojin"]
[Black "Laux, Dominik"]
[Result "1-0"]
[WhiteElo "2407"]
[BlackElo "1973"]
[Annotator "TA"]
[PlyCount "53"]
[EventDate "2018.11.04"]
[EventType "swiss"]
[EventCountry "ESP"]
[SourceTitle "playchess.com"]
[Source "ChessBase"]
[SourceQuality "1"]

{[%evp 17,53,26,28,15,38,23,21,16,35,14,21,25,51,48,84,90,115,111,100,113,94,108,213,203,381,370,380,375,551,553,734,683,668,400,1369,1366,29997,29998]} 1. e4 c6 2. d4 d5 3. exd5 cxd5 4. Nf3 Nf6 5. Ne5 g6 (5... Nc6 6. Bb5 Bd7 7. Nxd7 Qxd7 8. c3 e6 9. O-O Bd6 10. Nd2 O-O 11. Re1 a6 12. Bd3 e5 13. dxe5 Nxe5 {1-0 (52) Kramnik,V (2787)-Caruana,F (2811) Wijk aan Zee 2018}) 6. Bb5+ {B13: Caro-Kann: Exchange Variation and Panov-Botvinnik Attack} Bd7 7. Nxd7 Nbxd7 8. c3 Bg7 9. O-O O-O {LiveBook: 3 Games} 10. Nd2 Rc8 $146 ({Predecessor:} 10... e6 11. Re1 Qc7 {1-0 (63) Vaibhav,S (2542)-Melkumyan,H (2654) chess.com INT 2018}) 11. Qe2 Ne8 12. Nf3 Nd6 13. Bd3 Re8 14. Bf4 Nb6 15. h4 {[%cal Bh2h4,Bh4h5][%mdl 32]} a5 16. h5 $36 {[%mdl 2048] Black is under strong pressure.} e6 17. g3 a4 18. a3 Nbc4 19. Kg2 Kf8 (19... f5 $16) 20. Rh1 $18 {[%cal Bf1h1,Bh1h7,Bh7f7][%mdl 32]} Ke7 $2 {[#]} (20... Kg8 {is a better defense.} 21. hxg6 hxg6) 21. hxg6 hxg6 22. Rh7 Rg8 (22... Kf8 $142 23. Rah1 Ne4 24. Bxc4 Rxc4) 23. Bg5+ Bf6 24. Bxf6+ Kxf6 25. Ne5 Rh8 (25... Ke7 $142 26. Nxg6+ Ke8) 26. Qf3+ Nf5 27. Rxf7+ {Precision: White = 80%, Black = 23%.} 1-0

[Event "FIDE WCCC U12 2018"]
[Site "Santiago de Compostela"]
[Date "2018.11.10"]
[Round "6"]
[White "Kostolansky, Sebastian Lukas"]
[Black "Revaliente Montoya, Ciro"]
[Result "1-0"]
[WhiteElo "2323"]
[BlackElo "1961"]
[Annotator "ChessBase"]
[PlyCount "69"]
[EventDate "2018.11.04"]
[EventType "swiss"]
[EventCountry "ESP"]
[SourceTitle "playchess.com"]
[Source "ChessBase"]
[SourceQuality "1"]
[TimeControl "40/5400+30:1800+30"]

1. e4 {[%emt 0:00:00]} c5 {[%emt 0:00:00]} 2. Nf3 {[%emt 0:00:00]} d6 {[%emt 0:00:00]} 3. c3 {[%emt 0:00:00]} Nf6 {[%emt 0:00:01]} 4. Be2 {[%emt 0:00:56]} Nc6 {[%emt 0:01:25]} 5. d4 {[%emt 0:00:07]} cxd4 {[%emt 0:02:38]} 6. cxd4 {[%emt 0:00:05]} Bd7 {[%emt 0:04:38]} 7. Nc3 {[%emt 0:01:57]} g6 {[%emt 0:03:29]} 8. d5 {[%emt 0:02:04]} Nb8 {[%emt 0:01:37]} 9. Be3 {[%emt 0:03:59]} Bg7 {[%emt 0:00:14]} 10. O-O {[%emt 0:01:38]} O-O {[%emt 0:00:05]} 11. Qb3 {[%emt 0:28:53]} Bc8 {[%emt 0:11:45]} 12. Rac1 {[%emt 0:05:12]} Nbd7 {[%emt 0:04:26]} 13. h3 {[%emt 0:10:03]} a6 {[%emt 0:13:48]} 14. Nd4 {[%emt 0:08:52]} Re8 {[%emt 0:10:56]} 15. Rfd1 {[%emt 0:03:40]} Nc5 {[%emt 0:09:44]} 16. Qc2 {[%emt 0:00:06]} a5 {[%emt 0:02:07]} 17. f4 {[%emt 0:03:56]} Nfd7 {[%emt 0:06:41]} 18. Bb5 {[%emt 0:02:40]} Rf8 {[%emt 0:05:52]} 19. a3 {[%emt 0:02:08]} Na6 {[%emt 0:02:40]} 20. Na4 {[%emt 0:16:40]} Ndc5 {[%emt 0:05:45]} 21. Nxc5 {[%emt 0:01:46]} Nxc5 {[%emt 0:01:04]} 22. e5 {[%emt 0:01:02]} a4 {[%emt 0:06:02]} 23. Qe2 {[%emt 0:01:08]} Bd7 {[%emt 0:02:30]} 24. Bc4 {[%emt 0:00:13]} Rc8 {[%emt 0:03:24]} 25. e6 fxe6 {[%emt 0:00:30]} 26. dxe6 {[%emt 0:00:30]} Bc6 {[%emt 0:00:31]} 27. Nxc6 {[%emt 0:00:19]} Rxc6 28. Bb5 {[%emt 0:00:16]} Nb3 {[%emt 0:01:14]} 29. Rxc6 {[%emt 0:01:24]} bxc6 {[%emt 0:00:01]} 30. Bxa4 {[%emt 0:00:32]} Qb8 {[%emt 0:00:59]} 31. Bxc6 {[%emt 0:00:18]} Na5 {[%emt 0:00:01]} 32. Bd5 {[%emt 0:01:38]} Qxb2 {[%emt 0:00:21]} 33. Qxb2 {[%emt 0:00:05]} Bxb2 {[%emt 0:00:04]} 34. Rb1 {[%emt 0:00:26]} Bxa3 {[%emt 0:01:10]} 35. Rb5 {[%emt 0:00:05]} 1-0

[Event "FIDE WCCC U12 2018"]
[Site "Santiago de Compostela"]
[Date "2018.11.10"]
[Round "6"]
[White "Ghazarian, Kirk"]
[Black "Tugstumur, Yesuntumur"]
[Result "1/2-1/2"]
[WhiteElo "2264"]
[BlackElo "2331"]
[Annotator "TA"]
[PlyCount "158"]
[EventDate "2018.11.04"]
[EventType "swiss"]
[EventCountry "ESP"]
[SourceTitle "playchess.com"]
[Source "ChessBase"]
[SourceQuality "1"]

{[%evp 12,158,48,51,57,41,59,41,39,39,48,35,34,39,43,46,45,47,63,49,42,24,0,0,25,35,39,35,43,43,35,-3,0,-12,0,-7,87,0,0,9,78,24,36,0,-6,-148,-154,-137,-131,-189,-175,-225,-211,-211,-215,-283,-259,-296,-288,-267,-130,-126,-78,-71,-77,-147,-74,-74,-77,-62,-48,-56,-8,-9,-8,-92,-14,-70,-2,-144,-71,-113,-101,-180,-177,-181,-27,-158,-18,-80,-82,-128,-108,-115,-130,-127,-7,-13,-17,-27,0,0,0,0,0,-17,-12,-10,-10,-19,-10,-17,-14,-9,0,-8,0,0,0,-8,0,0,0,0,0,-21,-22,-37,-37,-80,-80,-80,-80,-80,-67,-73,-54,-54,-8,-8,-8,-10,0,0,0,0,0,0,2]} 1. e4 c5 2. Nf3 e6 3. b3 Nc6 4. Bb2 d6 5. d4 cxd4 6. Nxd4 Nxd4 {B50: Sicilian: 2...d6, Miscellaneous} (6... Nf6 7. Bd3 Be7 8. O-O O-O 9. c4 a6 10. Nd2 Qc7 11. Rc1 Bd7 12. Kh1 Rac8 13. f4 Qb6 14. Nc2 Rfd8 15. Rf3 {1-0 (61) Ivanchuk,V (2710)-Movsesian,S (2653) Huaian 2016}) 7. Qxd4 {LiveBook: 16 Games} Bd7 8. Nd2 $146 ({Predecessor:} 8. Nc3 Nf6 9. O-O-O a6 10. f4 Qc7 11. e5 dxe5 12. fxe5 Bc5 13. Qf4 O-O-O 14. Qg3 {1-0 (49) Mrdja,M (2360)-Andonov,B (2334) Cutro 2008}) 8... Nf6 {White is slightly better.} 9. Bd3 e5 10. Qe3 Be7 11. O-O O-O 12. Qe2 Rc8 13. Rfd1 Bg4 14. f3 Bd7 15. g3 h5 16. Nf1 h4 17. c4 g6 18. Ne3 Nh5 19. Qf2 Be6 20. Be2 Qb6 21. Nf1 Qa5 22. f4 hxg3 23. hxg3 Ng7 (23... Nf6 $11) 24. g4 (24. Ne3 $16) 24... exf4 $1 $11 25. Qxf4 {Qh6 is the strong threat.} Rc5 {[#]} (25... Qg5 $11 26. Qxg5 Bxg5) 26. Qh6 (26. Rd5 $1 $16 {[%mdl 512]}) 26... Re5 $1 27. Bxe5 Qxe5 28. Bf3 (28. Qe3 $11) 28... Bg5 {[%mdl 1024] Black has strong compensation.} 29. Qh2 Bf4 $1 {[%cal Rf4h2]} 30. Qg2 (30. Qf2 $17 {was necessary.}) 30... Ne8 $19 31. Rab1 Nf6 32. Rd3 Kg7 $1 33. Rbd1 Rh8 34. Rxd6 Qc5+ 35. R6d4 Be5 (35... Rh4 $1 $19 {[%cal Rf6g4] is more deadly.} 36. b4 Qg5) 36. Qf2 $17 Nxg4 37. Bxg4 Bxg4 $40 {[%mdl 128] Black has strong attack.} 38. R1d2 {[#]} (38. R1d3 $142) 38... Bxd4 ({Better is} 38... Bf3 $1 {[%csl Gf3][%cal Rh8h1][%mdl 512]} 39. Qe3 (39. Qxf3 Bxd4+) 39... Rh3) 39. Qxd4+ Qxd4+ 40. Rxd4 {[%mdl 4096] Endgame KRB-KRN} Be6 41. e5 g5 42. Ng3 $1 Kg6 43. Kg2 (43. Rd2 $11) 43... b6 (43... Rc8 $1 $17 {And now ...b5! would win.} 44. Rd2 Rc5) 44. Rd6 ({White should play} 44. Rd1 $11) 44... g4 (44... Rc8 $1 $15) 45. a4 (45. Rd2 $11) 45... Rc8 (45... Kg5 $142 46. Rd2 Kf4) 46. Rd4 Kg5 47. Kf2 (47. Rd1 $17) 47... Rh8 $19 48. Kg2 Bc8 $2 (48... Rh3 $19 49. Re4 Bd7) 49. Kg1 (49. Ne4+ $11 {remains equal.} Kf4 50. Nd6+ Kxe5 51. Rd5+ Ke6 52. Kg3) 49... Kh4 (49... Rh3 $17 50. Kf2 Be6) 50. Kf2 (50. Kg2 $11) 50... Be6 $1 $17 51. Ne4 Rh5 52. Rd1 {[%cal Rd1h1] [#]} Rf5+ $1 53. Kg2 {[%cal Rd1h1] [#]} g3 ({Black should try} 53... Rf3 $1 $17 {White must now prevent ...Kh5.} 54. Rh1+ Rh3) 54. Nxg3 Rxe5 55. Rd4+ Kg5 56. Kf3 Re1 57. Ne4+ Kf5 58. Nf2 Rb1 59. Rd3 Ke5 60. Ke3 f5 61. Nh3 Bf7 62. Nf4 Re1+ 63. Kf2 Re4 (63... Rc1 {looks sharper.} 64. Ke3 Rg1 65. Kf2 Rh1 66. Ke3 Rb1) 64. Ne2 Be6 65. Kf3 Bf7 66. Kf2 Bh5 67. Rd5+ Kf6 68. Ng3 Rf4+ 69. Ke1 Bg4 70. Rd7 Rf3 71. Nf1 Rxb3 {Hoping for ...f4.} 72. Rxa7 Rb1+ 73. Kf2 Rb2+ 74. Ke3 Ke5 {Threatens to win with ...f4+.} 75. Re7+ {The position is equal.} Kd6 76. Rf7 Rb4 77. Kd4 Rxa4 78. Rf6+ Kc7 79. Ne3 Bf3 {Precision: White = 38%, Black = 50%.} 1/2-1/2

[Event "FIDE WCCC U12 2018"]
[Site "Santiago de Compostela"]
[Date "2018.11.10"]
[Round "6"]
[White "Wang, Jason"]
[Black "Thomforde-Toates, Noah"]
[Result "1-0"]
[WhiteElo "2229"]
[BlackElo "1970"]
[Annotator "ChessBase"]
[PlyCount "101"]
[EventDate "2018.11.04"]
[EventType "swiss"]
[EventCountry "ESP"]
[SourceTitle "playchess.com"]
[Source "ChessBase"]
[SourceQuality "1"]
[TimeControl "40/5400+30:1800+30"]

1. d4 {[%emt 0:00:00]} Nf6 {[%emt 0:00:00]} 2. c4 {[%emt 0:00:00]} e6 {[%emt 0:00:00]} 3. Nf3 {[%emt 0:00:00]} b6 {[%emt 0:00:00]} 4. a3 {[%emt 0:00:00]} Bb7 {[%emt 0:00:00]} 5. Nc3 {[%emt 0:00:00]} Be7 {[%emt 0:00:24]} 6. d5 {[%emt 0:00:08]} exd5 {[%emt 0:02:48]} 7. cxd5 {[%emt 0:00:08]} O-O {[%emt 0:00:25]} 8. e4 {[%emt 0:00:13]} d6 {[%emt 0:00:31]} 9. Bd3 {[%emt 0:00:08]} Nbd7 {[%emt 0:01:06]} 10. O-O {[%emt 0:00:16]} Ng4 {[%emt 0:06:15]} 11. Nd4 {[%emt 0:04:26]} Nge5 {[%emt 0:01:04]} 12. Be2 {[%emt 0:06:14]} Bf6 {[%emt 0:02:28]} 13. Be3 {[%emt 0:02:12]} Re8 {[%emt 0:01:59]} 14. Qc2 {[%emt 0:01:54]} a6 {[%emt 0:02:21]} 15. Rad1 {[%emt 0:02:56]} Qe7 {[%emt 0:11:49]} 16. f4 {[%emt 0:09:17]} Ng6 {[%emt 0:00:38]} 17. b4 {[%emt 0:07:43]} Rac8 {[%emt 0:09:56]} 18. Nc6 {[%emt 0:08:58]} Bxc6 {[%emt 0:15:59]} 19. dxc6 {[%emt 0:00:12]} Nb8 {[%emt 0:00:38]} 20. Bg4 {[%emt 0:18:36]} Rcd8 {[%emt 0:02:17]} 21. Nd5 {[%emt 0:02:40]} Qxe4 {[%emt 0:05:00]} 22. Qxe4 {[%emt 0:00:14]} Rxe4 {[%emt 0:00:12]} 23. Bxb6 {[%emt 0:01:00]} Nxc6 {[%emt 0:01:12]} 24. Bxc7 {[%emt 0:01:05]} Rf8 {[%emt 0:06:06]} 25. Bf3 {[%emt 0:04:15]} Rc4 {[%emt 0:03:54]} 26. Nxf6+ {[%emt 0:00:52]} gxf6 {[%emt 0:00:16]} 27. Bxd6 {[%emt 0:00:34]} Rd8 {[%emt 0:02:14]} 28. Bd5 {[%emt 0:08:53]} Rd4 {[%emt 0:03:00]} 29. Bxc6 {[%emt 0:00:05]} R8xd6 {[%emt 0:00:35]} 30. Rxd4 {[%emt 0:00:05]} Rxd4 {[%emt 0:00:39]} 31. g3 {[%emt 0:00:11]} Ne7 {[%emt 0:06:35]} 32. Bb7 {[%emt 0:00:34]} Rd3 {[%emt 0:01:28]} 33. Ra1 {[%emt 0:00:30]} Rd6 {[%emt 0:00:32]} 34. Rc1 {[%emt 0:01:01]} Kf8 {[%emt 0:01:26]} 35. Rc5 {[%emt 0:01:14]} Ke8 {[%emt 0:02:01]} 36. Ra5 {[%emt 0:02:18]} Rd2 {[%emt 0:03:19]} 37. Rxa6 {[%emt 0:01:28]} Nf5 {[%emt 0:00:33]} 38. Rxf6 {[%emt 0:02:41]} Ne3 {[%emt 0:00:55]} 39. Bf3 {[%emt 0:01:49]} Nc2 {[%emt 0:01:01]} 40. Ra6 {[%emt 0:00:00]} Nd4 {[%emt 0:00:00]} 41. Bb7 {[%emt 0:01:36]} Rb2 {[%emt 0:03:39]} 42. Ra5 {[%emt 0:00:47]} Ke7 {[%emt 0:00:49]} 43. Re5+ {[%emt 0:00:40]} Kf6 {[%emt 0:01:10]} 44. Rc5 {[%emt 0:02:25]} Kg7 {[%emt 0:05:55]} 45. Bd5 {[%emt 0:03:08]} f5 {[%emt 0:02:29]} 46. Rc4 {[%emt 0:00:43]} Nc2 {[%emt 0:01:10]} 47. Rc3 {[%emt 0:00:32]} Nd4 {[%emt 0:00:35]} 48. Rd3 {[%emt 0:00:45]} Nc2 {[%emt 0:00:45]} 49. Bc6 {[%emt 0:01:45]} Ra2 {[%emt 0:01:39]} 50. b5 {[%emt 0:00:30]} Rb2 {[%emt 0:00:46]} 51. a4 {[%emt 0:00:29]} 1-0

[Event "FIDE WCCC U12 2018"]
[Site "Santiago de Compostela"]
[Date "2018.11.10"]
[Round "6"]
[White "Chasin, Nico"]
[Black "Gukesh D"]
[Result "0-1"]
[WhiteElo "2189"]
[BlackElo "2457"]
[Annotator "TA"]
[PlyCount "128"]
[EventDate "2018.11.04"]
[EventType "swiss"]
[EventCountry "ESP"]
[SourceTitle "playchess.com"]
[Source "ChessBase"]
[SourceQuality "1"]

{[%evp 20,128,4,6,11,-19,0,0,1,0,4,-61,0,-8,-6,-30,-28,-33,-25,-24,-10,-20,0,0,0,0,0,-31,-27,-66,-8,-8,-8,-8,-8,-8,-8,-8,0,0,0,0,0,0,0,0,0,0,0,0,0,-110,-89,-137,-122,-122,-107,-160,-166,-310,-122,-130,-122,-122,-122,-122,-122,-122,-122,-122,-122,-122,-121,-134,-68,-100,-68,-69,-70,-122,0,-69,0,0,0,-122,-122,-108,-108,-524,-518,-29948,-29967,-29966,-29967,-5635,-92,-5631,-5422,-2527,-2063,-29983,-584,-29984,-29985,-29985,-29986,-29986,-29987,-29987,-29988]} 1. d4 Nf6 2. c4 g6 3. Nc3 Bg7 4. e4 d6 5. Nf3 O-O 6. Be2 Na6 7. Bg5 {[%cal Bc1g5,Bg5h4,Bh4g3][%mdl 32]} h6 8. Bh4 g5 9. Bg3 Nh5 {[%cal Bf6h5,Bh5f4,Bf4e2][%mdl 32]} 10. O-O e5 11. d5 Nf4 {E92: King's Indian: Classical: 6 Be2 e5: 7 dxe5, 7 Be3 and Petrosian System without 7...Nbd7} 12. Ne1 (12. Nd2 f5 13. exf5 Bxf5 14. Nde4 b6 15. Bd3 Nxd3 16. Qxd3 Nc5 17. Qe2 Nxe4 18. Nxe4 Qe8 19. Rfe1 Qg6 20. Qe3 {½-½ (41) Nedobora,M (2384)-Shutzman,J (2270) Petah Tiqwa 2010}) 12... Nxe2+ 13. Qxe2 f5 {The position is equal.} 14. exf5 Bxf5 15. Ne4 (15. Nd3 $11) 15... b6 $146 (15... Bxe4 $1 $15 16. Qxe4 Nc5) ({Predecessor:} 15... Qe8 16. f3 Qg6 17. Nd3 h5 18. Kh1 c6 19. dxc6 bxc6 {1-0 (35) Von Auer,U-Winter,L (2131) Frankfurt 2001}) 16. f3 Nc5 17. b4 Nxe4 18. fxe4 Bg6 19. Nd3 Qd7 20. Rxf8+ Rxf8 21. a4 h5 22. Be1 g4 23. b5 Bh6 24. Bc3 h4 (24... Qd8 $15) 25. Rf1 $1 $11 Rxf1+ 26. Kxf1 g3 27. hxg3 hxg3 28. Qf3 Qh7 29. Qxg3 Bg7 $1 30. Qg4 Bxe4 31. Qe6+ Kh8 32. Nf2 Qf5 33. Qe7 {aiming for Qh4+.} Qf4 $36 {[%mdl 2048] Black has good play.} 34. Qe8+ Kh7 {[#] Threatens to win with ...Bd3+.} 35. Qh5+ (35. Bd2 $1 $11 {[%mdl 512]} Qxd2 36. Qh5+ Kg8 37. Nxe4 Qf4+ 38. Qf3) 35... Bh6 $17 36. g3 Qc1+ 37. Nd1 Bg6 38. Qf3 (38. Qg4 $142) 38... Qc2 39. Nf2 (39. Ke1 {was called for.}) 39... Qxa4 $2 (39... Qb3 $19 {and Black stays clearly on top.} 40. Kg1 Qxc4) 40. Qg4 Qc2 41. Qd7+ Bg7 42. Qh3+ Kg8 43. Qc8+ {[#]} Bf8 $1 44. Qe6+ Bf7 45. Qg4+ Qg6 46. Qh3 Qg7 (46... Bh6 $17 47. Qh4 Be3) 47. Kg2 Bg6 48. Bd2 Qf7 49. Be3 (49. Qh4 $15) 49... Qe8 (49... Qf5 $17 {...Qxh3+ is the strong threat.} 50. Qxf5 Bxf5) 50. Qh4 ({White should play} 50. Bg5 $11) 50... Bg7 (50... Qe7 $15 51. Bg5 Qd7) 51. Ng4 $11 Qf8 {Strongly threatening ...Be4+.} 52. Nf2 (52. Nh6+ $1 $11 Bxh6 53. Bxh6) 52... Qf6 $17 53. Bg5 Qf5 54. Bd8 $2 {[%mdl 8192]} (54. Kg1 $17 {is more resistant.}) 54... e4 $19 {And now ...Qf3+ would win.} 55. Ng4 (55. Qg5 $19 Qf3+ 56. Kg1) 55... Qf3+ 56. Kh2 Qe2+ 57. Kh1 Qf1+ 58. Kh2 {[#]} Bd4 $1 {[%cal Rd4g1] ( -> ...Bg1+)} 59. Nh6+ Kg7 60. Ng4 Bg1+ 61. Kh1 Bf2+ {Black mates.} 62. Kh2 Qg1+ 63. Kh3 Qh1+ 64. Nh2 Bf5+ {Precision: White = 51%, Black = 66%.} 0-1